[Event "European Youth Chess Championship B10"]
[Site "Prague, Top Hotel Prague"]
[Date "2016.08.19"]
[Round "2.16"]
[White "Piccinno, Matteo"]
[Black "Larichev, Prokhor"]
[Result "1-0"]
[WhiteElo "1772"]
[BlackElo "1585"]
[PlyCount "99"]
[EventDate "2016.08.18"]

1. d4 d5 2. Nf3 c5 3. g3 Nc6 4. Bg2 Nf6 5. O-O e6 6. Bf4 Qb6 7. b3 cxd4 8. Ne5
Nd7 9. Nxd7 Bxd7 10. e4 dxe4 11. Bxe4 Bc5 12. Qg4 g6 13. Qh4 Be7 14. Qh6 Bf6
15. Nd2 e5 16. Bg5 Qd8 17. f4 exf4 18. Bxf6 Qxf6 19. Rxf4 Qd6 20. Nf3 O-O-O 21.
Re1 Qc5 22. Bd3 Be6 23. Ng5 Qc3 24. Ref1 Ne5 25. Nxe6 fxe6 26. Be4 Qe3+ 27. Kh1
Nd7 28. Qh4 Nc5 29. Bg2 Qd2 30. Rf7 Rd7 31. Qf6 Rhd8 32. Rxd7 Nxd7 33. Qf3 Qb4
34. Qf4 Qb6 35. Re1 Nc5 36. Rd1 d3 37. cxd3 Nxd3 38. Rxd3 Rxd3 39. Qc4+ Qc7 40.
Qxd3 Qc1+ 41. Qf1 Qb2 42. Qc4+ Kb8 43. Qf4+ e5 44. Qf8+ Kc7 45. Qe7+ Kb6 46.
Qxb7+ Ka5 47. Qxa7+ Kb4 48. Qb6+ Kc3 49. Qc5+ Kd2 50. Qf2+ 1-0

[Event "European Youth Chess Championship B10"]
[Site "Prague, Top Hotel Prague"]
[Date "2016.08.19"]
[Round "2.17"]
[White "Merts, Dmitrii"]
[Black "Revaliente, Montoya Ciro"]
[Result "0-1"]
[WhiteElo "1590"]
[BlackElo "1768"]
[PlyCount "62"]
[EventDate "2016.08.18"]

1. e4 c5 2. Nf3 g6 3. d4 cxd4 4. Nxd4 Bg7 5. Nc3 Nc6 6. Be3 Nf6 7. f3 O-O 8.
Nb3 d6 9. Qd2 Bd7 10. g4 Ne5 11. Be2 b5 12. h4 b4 13. Nd5 Nxd5 14. exd5 a5 15.
h5 f5 16. g5 Qc7 17. f4 Nc4 18. Bxc4 Qxc4 19. Rb1 a4 20. Nc1 a3 21. Qd3 Qxd3
22. Nxd3 axb2 23. Nxb4 Rfb8 24. Bd2 Ra4 25. c3 Rbxb4 26. cxb4 Rxa2 27. Kf2 Ba4
28. Ke2 Bc2 29. hxg6 hxg6 30. b5 Bxb1 31. Rxb1 Ra1 0-1

[Event "European Youth Chess Championship B10"]
[Site "Prague, Top Hotel Prague"]
[Date "2016.08.19"]
[Round "2.18"]
[White "Tyurin, Artem"]
[Black "Djurovic, Peko"]
[Result "1-0"]
[WhiteElo "1766"]
[BlackElo "1577"]
[PlyCount "83"]
[EventDate "2016.08.18"]

1. e4 c5 2. Nf3 Nc6 3. d4 cxd4 4. Nxd4 Nf6 5. Nc3 e5 6. Ndb5 d6 7. Bg5 a6 8.
Na3 b5 9. Bxf6 gxf6 10. Nd5 Bg7 11. c3 f5 12. exf5 Bxf5 13. Nc2 Be6 14. Nde3 f5
15. Qh5+ Kf8 16. O-O-O f4 17. Nf5 b4 18. c4 e4 19. Nxg7 Kxg7 20. Nd4 Qf6 21.
Nxe6+ Qxe6 22. Qg5+ Kf7 23. Be2 Ke8 24. Bh5+ Kf8 25. Qxf4+ Ke7 26. Rhe1 Qxc4+
27. Kb1 Kd7 28. Qxd6+ Kc8 29. Rc1 Qd3+ 30. Qxd3 exd3 31. Rxc6+ Kd7 32. Rc4 Rhf8
33. Rd4+ Kc6 34. Bf3+ Kc5 35. Rxd3 Rae8 36. Rc1+ Kb5 37. Bc6+ Ka5 38. Bxe8 Rxe8
39. Rd6 Kb5 40. b3 Re2 41. Rc2 Re1+ 42. Kb2 1-0

[Event "European Youth Chess Championship B10"]
[Site "Prague, Top Hotel Prague"]
[Date "2016.08.19"]
[Round "2.19"]
[White "Werner, Hong Quan Dan"]
[Black "Georgiev, Konstantin"]
[Result "0-1"]
[WhiteElo "1586"]
[BlackElo "1760"]
[PlyCount "60"]
[EventDate "2016.08.18"]

1. e4 c5 2. Nf3 Nc6 3. d4 cxd4 4. Nxd4 Nf6 5. Nc3 e6 6. Ndb5 Bb4 7. a3 Bxc3+ 8.
Nxc3 d5 9. exd5 exd5 10. Bd3 O-O 11. O-O Bg4 12. f3 Qb6+ 13. Kh1 Be6 14. b3 Ne5
15. Qe2 Nxd3 16. Qxd3 Rac8 17. Be3 Qc7 18. Bd4 Rfd8 19. Rf2 Nd7 20. Nb5 Nc5 21.
Qc3 Qd7 22. Nxa7 Ne4 23. Qd3 Nxf2+ 24. Bxf2 Bf5 25. Qd4 Rxc2 26. Bh4 Re8 27. g4
Be4 28. fxe4 Qxg4 29. Rg1 Qf3+ 30. Rg2 Qxg2# 0-1

[Event "European Youth Chess Championship B10"]
[Site "Prague, Top Hotel Prague"]
[Date "2016.08.19"]
[Round "2.20"]
[White "Hrbek, Stepan"]
[Black "Kirushin, Ivan"]
[Result "0-1"]
[WhiteElo "1760"]
[BlackElo "1571"]
[PlyCount "82"]
[EventDate "2016.08.18"]

1. d4 d5 2. Nf3 Bg4 3. Ne5 Bf5 4. g3 f6 5. Nf3 Nc6 6. Bg2 e5 7. dxe5 fxe5 8.
Nh4 Be6 9. e4 d4 10. f4 Be7 11. Nf3 Bf6 12. f5 Bf7 13. O-O Qe7 14. g4 h6 15. a4
O-O-O 16. b3 g6 17. Ba3 Qe8 18. b4 gxf5 19. gxf5 Nge7 20. Nbd2 Kb8 21. Qe2 Qg8
22. b5 Na5 23. Bxe7 Bxe7 24. Nxe5 Bg5 25. Nxf7 Be3+ 26. Kh1 Qxf7 27. Rfb1 Bxd2
28. Qxd2 Nc4 29. Qe2 Rhg8 30. Bf3 Ne5 31. a5 d3 32. cxd3 Rxd3 33. Bg2 Ng4 34.
h3 Qh5 35. Kg1 Rxh3 36. Bxh3 Qxh3 37. Qg2 Nf6 38. Qxg8+ Nxg8 39. Rd1 Qg3+ 40.
Kh1 Kc8 41. Rd5 Nf6 0-1

[Event "European Youth Chess Championship B10"]
[Site "Prague, Top Hotel Prague"]
[Date "2016.08.19"]
[Round "2.21"]
[White "Gherghinoiu, Lucas"]
[Black "Spizharny, Mikhail"]
[Result "0-1"]
[WhiteElo "1573"]
[BlackElo "1754"]
[PlyCount "52"]
[EventDate "2016.08.18"]

1. e4 c5 2. Nf3 e6 3. d4 cxd4 4. Nxd4 a6 5. Nc3 b5 6. f4 Bb7 7. Bd3 d6 8. Nf3
Nd7 9. O-O b4 10. Ne2 Ngf6 11. Ng3 h5 12. Qe1 h4 13. Nh1 h3 14. g3 d5 15. Nf2
Bc5 16. Be3 dxe4 17. Bxc5 Nxc5 18. Qxb4 exd3 19. Qxc5 Bxf3 20. Nxd3 Bd5 21. Qb4
a5 22. Qa4+ Qd7 23. Qxd7+ Nxd7 24. b3 Ke7 25. Rad1 Rhc8 26. c4 Be4 0-1

[Event "European Youth Chess Championship B10"]
[Site "Prague, Top Hotel Prague"]
[Date "2016.08.19"]
[Round "2.22"]
[White "Davtyan, Arsen"]
[Black "Akulov, Mikhail"]
[Result "1-0"]
[WhiteElo "1752"]
[BlackElo "1542"]
[PlyCount "91"]
[EventDate "2016.08.18"]

1. d4 d5 2. c4 e6 3. Nf3 Nf6 4. g3 Nbd7 5. Bg2 Be7 6. O-O a6 7. Nbd2 O-O 8. Qc2
Rb8 9. e4 dxc4 10. Nxc4 b5 11. Na5 Bb7 12. Nxb7 Rxb7 13. Rd1 Re8 14. Bf4 Nf8
15. Ne5 Qc8 16. Nc6 Ng6 17. Nxe7+ Nxe7 18. Bg5 Nd7 19. Rac1 Ng6 20. e5 Ra7 21.
Be3 Nb6 22. d5 Qb8 23. d6 cxd6 24. Qc6 Nxe5 25. Qxb6 Qxb6 26. Bxb6 Rae7 27. b3
d5 28. Bc7 Ng6 29. f4 h6 30. Bb6 h5 31. h4 Nf8 32. Bd4 Nh7 33. Rc6 Ra8 34. Rdc1
Ree8 35. Rc7 Red8 36. Bf3 g6 37. b4 a5 38. Rb7 axb4 39. Rcc7 Rdc8 40. Rxf7 Rc1+
41. Kh2 Rxa2+ 42. Kh3 Rcc2 43. Be2 Rxe2 44. Rg7+ Kf8 45. Bc5+ Ke8 46. Rb8# 1-0

[Event "European Youth Chess Championship B10"]
[Site "Prague, Top Hotel Prague"]
[Date "2016.08.19"]
[Round "2.23"]
[White "Aguado, Doncel Pablo Luis"]
[Black "Hak, David"]
[Result "1/2-1/2"]
[WhiteElo "1514"]
[BlackElo "1747"]
[PlyCount "68"]
[EventDate "2016.08.18"]

1. d4 d5 2. c4 e6 3. Nc3 Nf6 4. Bg5 Be7 5. cxd5 exd5 6. Nf3 Nc6 7. Qb3 O-O 8.
e3 Ne4 9. Bxe7 Nxe7 10. Bd3 Nxc3 11. Qxc3 Bf5 12. O-O Bxd3 13. Qxd3 Ng6 14.
Rac1 c6 15. Rfe1 f5 16. Nd2 Nh4 17. f4 Rf6 18. g3 Ng6 19. Nf3 Qe8 20. Qe2 Nf8
21. Ne5 Nd7 22. b4 Nxe5 23. dxe5 Rg6 24. Qd3 Qd7 25. b5 cxb5 26. Rc5 Rd8 27.
Qxb5 b6 28. Qxd7 Rxd7 29. Rc8+ Kf7 30. Rec1 Re6 31. R1c2 Ree7 32. Rd2 Re8 33.
Rc6 Re6 34. Rc1 Re8 1/2-1/2

[Event "European Youth Chess Championship B10"]
[Site "Prague, Top Hotel Prague"]
[Date "2016.08.19"]
[Round "2.24"]
[White "Stalmach, Richard"]
[Black "Yudin, Mikhail"]
[Result "1-0"]
[WhiteElo "1735"]
[BlackElo "1530"]
[PlyCount "73"]
[EventDate "2016.08.18"]

1. d4 Nf6 2. Nf3 g6 3. Bf4 Bg7 4. e3 d6 5. h3 O-O 6. Be2 c5 7. c4 Nbd7 8. O-O
h6 9. Nc3 b6 10. a3 Bb7 11. d5 Nh5 12. Bh2 Nhf6 13. e4 a6 14. Qc2 Ne8 15. Nd2
Nc7 16. a4 Rb8 17. f4 e5 18. f5 g5 19. Nf3 Kh8 20. Bg3 Bf6 21. Qd2 Kh7 22. Kf2
Rg8 23. Rh1 Qf8 24. h4 gxh4 25. Bxh4 Qg7 26. g4 Bxh4+ 27. Rxh4 Rh8 28. g5 Kg8
29. gxh6 Qf6 30. h7+ Rxh7 31. Rg1+ Rg7 32. Rh6 Qd8 33. Rxg7+ Kxg7 34. f6+ Nxf6
35. Qg5+ Kf8 36. Rh8+ Ng8 37. Rxg8# 1-0

[Event "European Youth Chess Championship B10"]
[Site "Prague, Top Hotel Prague"]
[Date "2016.08.19"]
[Round "2.25"]
[White "Bancarewicz, Aleks"]
[Black "Dobre, Radu-Fabian"]
[Result "0-1"]
[WhiteElo "1444"]
[BlackElo "1718"]
[PlyCount "106"]
[EventDate "2016.08.18"]

1. e4 e5 2. Nf3 Nc6 3. d4 exd4 4. Bc4 Bc5 5. c3 d6 6. cxd4 Bb6 7. h3 Nf6 8. Nc3
O-O 9. O-O Nxe4 10. Bxf7+ Rxf7 11. Nxe4 d5 12. Neg5 Rf8 13. Nxh7 Kxh7 14. Ng5+
Kg8 15. Qh5 Bf5 16. g4 Bc2 17. Ne6 Qf6 18. Nxf8 Rxf8 19. Qxd5+ Kh7 20. Be3 Bxd4
21. Rac1 Bd3 22. g5 Qe5 23. Qxe5 Nxe5 24. Rfd1 Nf3+ 25. Kg2 Be4 26. Bxd4 Nxd4+
27. Kf1 Ne6 28. Re1 Bd5 29. h4 Bxa2 30. Rc3 Bd5 31. b3 g6 32. Rce3 Nf4 33. Re8
Kg7 34. R8e3 Ng2 35. Rd3 Bc6 36. Ra1 Bb5 37. Kxg2 Bxd3 38. Rxa7 Be4+ 39. Kg3
Rf3+ 40. Kg4 Rxb3 41. Ra5 Rf3 42. Re5 Bc6 43. Re7+ Rf7 44. Rxf7+ Kxf7 45. h5
gxh5+ 46. Kxh5 b5 47. g6+ Kg8 48. Kh6 b4 49. f4 b3 50. f5 b2 51. f6 b1=Q 52.
f7+ Kf8 53. Kh7 Qh1# 0-1

[Event "European Youth Chess Championship B10"]
[Site "Prague, Top Hotel Prague"]
[Date "2016.08.19"]
[Round "2.26"]
[White "Lystsov, Leonid"]
[Black "Korsinskij, Marek"]
[Result "1-0"]
[WhiteElo "1705"]
[BlackElo "1468"]
[PlyCount "101"]
[EventDate "2016.08.18"]

1. Nf3 Nf6 2. g3 d5 3. Bg2 Nc6 4. O-O e5 5. d3 Bc5 6. c4 d4 7. a3 a5 8. b3 O-O
9. Bd2 Re8 10. Bg5 Be7 11. Nbd2 Bf5 12. Rb1 Bxa3 13. Nh4 Bd7 14. Ne4 Be7 15.
Nxf6+ Bxf6 16. Bxf6 Qxf6 17. f4 Qe7 18. f5 Qg5 19. Be4 Nd8 20. Nf3 Qe3+ 21. Kg2
Bc6 22. Nd2 Ra6 23. Rf3 Qh6 24. g4 Qg5 25. Kg3 h5 26. h3 h4+ 27. Kh2 Qe7 28.
Qg1 Qg5 29. Bxc6 Nxc6 30. Ne4 Qd8 31. g5 Ne7 32. Nf6+ Kf8 33. Nxe8 Kxe8 34. Qg4
g6 35. f6 Nf5 36. Qe4 Qd6 37. Kg2 Ne3+ 38. Kg1 c6 39. Qxh4 Kd7 40. Qe4 Rb6 41.
Rxe3 dxe3 42. Qxe3 Rb4 43. Ra1 Rxb3 44. Rxa5 e4 45. Ra8 exd3 46. Qe8+ Kc7 47.
Qb8+ Kb6 48. Qxd6 d2 49. Qxd2 Rb1+ 50. Kg2 Rb3 51. Qa5# 1-0

[Event "European Youth Chess Championship B10"]
[Site "Prague, Top Hotel Prague"]
[Date "2016.08.19"]
[Round "2.27"]
[White "Korsinskij, Nikolas"]
[Black "Lazavik, Denis"]
[Result "0-1"]
[WhiteElo "1442"]
[BlackElo "1704"]
[PlyCount "48"]
[EventDate "2016.08.18"]

1. e4 c5 2. Nf3 a6 3. d4 cxd4 4. Nxd4 Nf6 5. Nc3 e5 6. Nf5 d5 7. Qf3 d4 8. Nd5
Nxd5 9. exd5 Bb4+ 10. c3 Bxf5 11. cxb4 Bg6 12. b5 O-O 13. Bc4 axb5 14. Bxb5
Qa5+ 15. Bd2 Qxb5 16. Rd1 e4 17. Qf4 Nd7 18. Qd6 Nc5 19. b4 Nd3+ 20. Kf1 Nf4+
21. Kg1 Ne2+ 22. Kf1 Ng3+ 23. Kg1 Qf1+ 24. Rxf1 Ne2# 0-1

[Event "European Youth Chess Championship B10"]
[Site "Prague, Top Hotel Prague"]
[Date "2016.08.19"]
[Round "2.29"]
[White "Stefanou, Dimitrios"]
[Black "Piliposyan, Robert"]
[Result "1/2-1/2"]
[WhiteElo "1439"]
[BlackElo "1701"]
[PlyCount "119"]
[EventDate "2016.08.18"]

1. d4 Nf6 2. Nf3 d5 3. Bg5 Ne4 4. Bh4 c5 5. e3 Nc6 6. c3 Qb6 7. Qc1 Bf5 8. Nbd2
e6 9. Be2 Bd6 10. O-O O-O 11. Ng5 Nxg5 12. Bxg5 Rac8 13. dxc5 Bxc5 14. Nb3 Bd6
15. Qd2 Qc7 16. h4 h6 17. Bf4 Rfd8 18. Bxd6 Qxd6 19. Nd4 Nxd4 20. exd4 e5 21.
Rad1 Qe7 22. Qe3 e4 23. g4 Bd7 24. Qg3 f5 25. gxf5 Bxf5 26. Bg4 Qe6 27. Bxf5
Qxf5 28. Kh2 Rf8 29. Rd2 Rce8 30. Rg1 Re7 31. b3 b5 32. Rg2 Kh7 33. Re2 Qh5 34.
f4 Rf6 35. c4 bxc4 36. bxc4 dxc4 37. Rxe4 Ref7 38. f5 Qxf5 39. Rg4 Qd7 40. d5
Qc7 41. Qxc7 Rxc7 42. Rc2 Rd6 43. Rgxc4 Rxc4 44. Rxc4 Rxd5 45. Ra4 a5 46. Kg3
Kg6 47. Kg4 Kf6 48. Rc4 Rb5 49. Rc6+ Ke5 50. Rc7 g6 51. Rc6 Rb4+ 52. Kg3 Ra4
53. Rxg6 Kf5 54. Rxh6 Ra3+ 55. Kf2 Rxa2+ 56. Ke3 a4 57. Ra6 a3 58. Kd3 Rh2 59.
h5 a2 60. h6 1/2-1/2

[Event "European Youth Chess Championship B10"]
[Site "Prague, Top Hotel Prague"]
[Date "2016.08.19"]
[Round "2.30"]
[White "Gotsiridze, Davit"]
[Black "Fiszer, Bartosz"]
[Result "0-1"]
[WhiteElo "1075"]
[BlackElo "1690"]
[PlyCount "72"]
[EventDate "2016.08.18"]

1. c4 c5 2. Nc3 Nf6 3. g3 g6 4. Bg2 Bg7 5. Nf3 O-O 6. O-O Nc6 7. d4 cxd4 8.
Nxd4 Nxd4 9. Qxd4 d6 10. Qd1 Qc7 11. Nd5 Nxd5 12. cxd5 Bd7 13. Rb1 Rfc8 14. Bg5
h6 15. Be3 Bf5 16. Rc1 Bc2 17. Qd2 Bxb2 18. Rce1 Kh7 19. Bh3 f5 20. Bg2 Qd7 21.
Bd4 Bxd4 22. Qxd4 b5 23. Bh3 Rc4 24. Qd2 Rac8 25. Bg2 a6 26. Rc1 b4 27. e3 a5
28. Rfe1 a4 29. Bf1 Rc3 30. Qd4 Qb7 31. Qh4 R8c7 32. Qd4 b3 33. Qxa4 b2 34. Qe8
bxc1=Q 35. Rxc1 Be4 36. Rxc3 Rxc3 0-1

[Event "European Youth Chess Championship B10"]
[Site "Prague, Top Hotel Prague"]
[Date "2016.08.19"]
[Round "2.34"]
[White "Tham, Nam"]
[Black "Bobkov, Timofey"]
[Result "0-1"]
[WhiteElo "1698"]
[BlackElo "1243"]
[PlyCount "194"]
[EventDate "2016.08.18"]

1. e4 e6 2. d4 d5 3. Nc3 c5 4. exd5 exd5 5. Nf3 Nf6 6. Be3 Nc6 7. Be2 Be6 8.
O-O Be7 9. h3 O-O 10. Re1 Qd7 11. Bb5 Qc7 12. dxc5 Rad8 13. Nd4 Nxd4 14. Qxd4
a6 15. Ba4 Nd7 16. b4 Bf6 17. Qd2 Ne5 18. Bg5 Nc4 19. Qc1 Bxc3 20. Bxd8 Rxd8
21. a3 Bxe1 22. Qxe1 Nb2 23. Bb3 Nc4 24. Qc3 d4 25. Qe1 h6 26. Qe2 Ne5 27. Bxe6
fxe6 28. f4 Ng6 29. Qxe6+ Qf7 30. Qb6 Qf6 31. Qxf6 gxf6 32. g3 d3 33. cxd3 Rxd3
34. Kf2 Kf7 35. c6 bxc6 36. Rc1 Ne7 37. a4 Rd4 38. Rb1 a5 39. b5 Rxa4 40. b6 c5
41. b7 Nc6 42. b8=Q Nxb8 43. Rxb8 Rb4 44. Ra8 a4 45. Ra6 c4 46. Ke2 c3 47. Kd3
Rc4 48. Kc2 Kg6 49. Ra5 Rb4 50. Kxc3 Rb3+ 51. Kc2 Rxg3 52. Rxa4 Rxh3 53. Kd2 h5
54. Ke2 Kf5 55. Kf2 Kg4 56. Kg2 Rb3 57. Kf2 Rf3+ 58. Kg2 Rxf4 59. Ra3 h4 60.
Rb3 Ra4 61. Rb2 f5 62. Rf2 Ra3 63. Rd2 f4 64. Rf2 Re3 65. Kg1 f3 66. Kf1 Kg3
67. Ra2 Re2 68. Ra8 Re4 69. Rg8+ Rg4 70. Rh8 h3 71. Rh7 h2 72. Rh8 f2 73. Rh7
h1=Q+ 74. Rxh1 Re4 75. Rh3+ Kxh3 76. Kxf2 Ra4 77. Kf3 Ra8 78. Kf4 Re8 79. Kf3
Rf8+ 80. Ke4 Kg3 81. Ke5 Kg4 82. Ke6 Rf5 83. Ke7 Ra5 84. Kf6 Rb5 85. Ke6 Kf4
86. Kd6 Ke4 87. Kc6 Rh5 88. Kd6 Rg5 89. Kc6 Kd4 90. Kb6 Kc4 91. Ka6 Rb5 92. Ka7
Kc5 93. Ka6 Kc6 94. Ka7 Rb1 95. Ka8 Kc7 96. Ka7 Rb6 97. Ka8 Ra6# 0-1

[Event "European Youth Chess Championship B10"]
[Site "Prague, Top Hotel Prague"]
[Date "2016.08.19"]
[Round "2.35"]
[White "Laux, Dominik"]
[Black "Tobak, Mikhail"]
[Result "1-0"]
[WhiteElo "1659"]
[BlackElo "1315"]
[PlyCount "155"]
[EventDate "2016.08.18"]

1. d4 Nf6 2. Nc3 d6 3. Bf4 Nbd7 4. Nf3 c6 5. e4 b5 6. Bd3 g6 7. Qd2 Bg7 8. Bh6
O-O 9. h3 b4 10. Ne2 Rb8 11. g4 c5 12. d5 c4 13. Bxg7 Kxg7 14. Bxc4 Nc5 15. Ng3
e6 16. g5 Ne8 17. Qd4+ Kg8 18. h4 Qe7 19. h5 e5 20. Qe3 f5 21. exf5 Bxf5 22.
Nxf5 Rxf5 23. Nd4 Rf4 24. Nc6 Qxg5 25. O-O-O Rb7 26. Rdg1 Qf5 27. hxg6 hxg6 28.
Be2 Ng7 29. Rh6 Re4 30. Qf3 Qxf3 31. Bxf3 Rf4 32. Bd1 Rxf2 33. Rhxg6 e4 34.
Rxd6 e3 35. Re1 Nf5 36. Rg6+ Kh7 37. Rgg1 Ne4 38. Bg4 Neg3 39. b3 a5 40. Ne5
Re7 41. Nd3 Rh2 42. Bxf5+ Nxf5 43. Rh1 Rxh1 44. Rxh1+ Kg6 45. Rg1+ Kf6 46. Kd1
Nd4 47. Rf1+ Kg5 48. Re1 e2+ 49. Kc1 Rd7 50. Kd2 Nf3+ 51. Kxe2 Nxe1 52. Kxe1
Rxd5 53. Kd1 Kf5 54. Kc1 Ke4 55. Nb2 Kd4 56. Na4 Ke3 57. Nb6 Rc5 58. Kb2 Ke2
59. Kc1 Rc6 60. Na4 Rd6 61. Nc5 Rd5 62. Nd3 Rd4 63. Kb2 Kd2 64. Nc5 Rh4 65. a3
Kd1 66. axb4 Rh2 67. bxa5 Rxc2+ 68. Ka3 Rxc5 69. b4 Rc8 70. b5 Ra8 71. Kb4 Kd2
72. b6 Kd3 73. b7 Rb8 74. a6 Kd4 75. Kb5 Kd5 76. Kb6 Rh8 77. a7 Rh6+ 78. Kb5
1-0

[Event "European Youth Chess Championship B10"]
[Site "Prague, Top Hotel Prague"]
[Date "2016.08.19"]
[Round "2.39"]
[White "Kienboeck, Benjamin"]
[Black "Dudarev, Vladislav"]
[Result "0-1"]
[WhiteElo "1434"]
[BlackElo "1821"]
[PlyCount "68"]
[EventDate "2016.08.18"]

1. e4 c5 2. Nf3 d6 3. d4 cxd4 4. Nxd4 Nf6 5. Nc3 g6 6. Be3 Bg7 7. f3 O-O 8. Qd2
Nc6 9. O-O-O Bd7 10. g4 Rc8 11. h4 Qa5 12. Nb3 Qd8 13. Kb1 Ne5 14. Nd4 b5 15.
h5 b4 16. Nd5 Nxd5 17. exd5 Qc7 18. hxg6 fxg6 19. Bd3 Nxd3 20. cxd3 Qa5 21. Ne6
Bxe6 22. dxe6 Qe5 23. Rde1 Rxf3 24. Ka1 a5 25. d4 Qe4 26. Rh2 a4 27. Bg1 Qf4
28. Be3 Rxe3 29. Rxe3 Qxh2 30. Qe1 Bxd4 31. Rc3 Rxc3 32. Qf1 Rf3 33. Qc1 Qxb2+
34. Qxb2 Rf1# 0-1

[Event "European Youth Chess Championship B10"]
[Site "Prague, Top Hotel Prague"]
[Date "2016.08.19"]
[Round "2.40"]
[White "Paduano, Claudio"]
[Black "Stefanou, Konstantinos"]
[Result "1/2-1/2"]
[WhiteElo "1860"]
[BlackElo "1357"]
[PlyCount "40"]
[EventDate "2016.08.18"]

1. d4 Nf6 2. c4 e6 3. Nf3 d5 4. Nc3 Be7 5. Bg5 O-O 6. e3 c6 7. cxd5 exd5 8. Bd3
h6 9. Bh4 Re8 10. O-O Bg4 11. h3 Bh5 12. g4 Bg6 13. Bxg6 fxg6 14. Ne5 g5 15.
Bg3 Nbd7 16. f4 gxf4 17. exf4 Nxe5 18. fxe5 Nh7 19. Qd2 Ng5 20. Kg2 Ne6 1/2-1/2

[Event "European Youth Chess Championship B10"]
[Site "Prague, Top Hotel Prague"]
[Date "2016.08.19"]
[Round "2.41"]
[White "Foughali, Younes"]
[Black "Krupa, Miroslav"]
[Result "0-1"]
[WhiteElo "1359"]
[BlackElo "1808"]
[PlyCount "100"]
[EventDate "2016.08.18"]

1. e4 c5 2. Nf3 d6 3. Bb5+ Nd7 4. d4 cxd4 5. Qxd4 a6 6. Bxd7+ Bxd7 7. O-O e5 8.
Qd3 Nf6 9. Nc3 Be7 10. Be3 O-O 11. h3 Rc8 12. Rfd1 Bc6 13. Rac1 b5 14. a3 Qc7
15. Bg5 Rfd8 16. Bxf6 Bxf6 17. Nd5 Bxd5 18. Qxd5 Qc4 19. c3 Rb8 20. Rd2 Be7 21.
Rcd1 h6 22. Nh2 Rdc8 23. Nf1 Rc5 24. Ne3 Rxd5 25. Nxc4 Rxd2 26. Nxd2 Kf8 27.
Nf1 a5 28. Rd5 Ke8 29. b4 axb4 30. axb4 Kd7 31. Ne3 g6 32. Ng4 Ke6 33. Rd3 f5
34. exf5+ gxf5 35. Ne3 Rc8 36. f3 Bf6 37. Kf2 e4 38. fxe4 fxe4 39. Rd5 Rxc3 40.
Rxb5 Bd4 41. Rb8 Bxe3+ 42. Ke2 Bg5 43. b5 Rc2+ 44. Kd1 Rxg2 45. b6 Rb2 46. b7
Kd7 47. h4 Bxh4 48. Kc1 Rb4 49. Rh8 Rxb7 50. Rxh6 Bg5+ 0-1

[Event "European Youth Chess Championship B10"]
[Site "Prague, Top Hotel Prague"]
[Date "2016.08.19"]
[Round "2.42"]
[White "Sultanahmedov, Bulat"]
[Black "Anghel, Iulian-Mihai"]
[Result "0-1"]
[WhiteElo "1356"]
[BlackElo "1777"]
[PlyCount "166"]
[EventDate "2016.08.18"]

1. e4 c6 2. d4 d5 3. Nc3 dxe4 4. Nxe4 Bf5 5. Ng3 Bg6 6. Nf3 Nd7 7. Bd3 Bxd3 8.
Qxd3 e6 9. O-O Ngf6 10. Bd2 Bd6 11. Rfe1 O-O 12. Rad1 Qc7 13. c3 Rfd8 14. Qc2
c5 15. dxc5 Nxc5 16. Bg5 Be7 17. h3 h6 18. Bc1 Bd6 19. Nf1 Nd5 20. Ne3 Nf4 21.
Nd4 a6 22. Kf1 Be7 23. Ng4 Nd5 24. Ne3 Nxe3+ 25. Bxe3 Qh2 26. Nf3 Qc7 27. Kg1
Bf6 28. Qe2 b5 29. Nd4 Rac8 30. Qg4 Kh7 31. Bf4 Qb6 32. Be5 Bxe5 33. Rxe5 Qd6
34. Re2 Qc7 35. Red2 Qe7 36. Qf3 Qe8 37. Qg4 Kh8 38. Qf3 Rd5 39. Qg4 Rcd8 40.
Qf3 Qf8 41. Qe3 R8d6 42. Qf3 Kg8 43. Qe3 Qd8 44. Kf1 Kf8 45. Qf3 Kg8 46. Kg1
Qd7 47. Qe3 e5 48. Nf3 Rxd2 49. Rxd2 Rxd2 50. Nxd2 Qd5 51. b3 f6 52. Kh2 Kf7
53. f3 f5 54. Kg1 g5 55. c4 bxc4 56. Nxc4 Nd7 57. Qa7 Qd4+ 58. Qxd4 exd4 59.
Kf2 Ke6 60. Ke2 Kd5 61. Kd2 Nc5 62. Kc2 Ne6 63. g3 h5 64. Nb6+ Kd6 65. Nc8+ Ke5
66. Ne7 Kf6 67. Nd5+ Kf7 68. b4 h4 69. g4 fxg4 70. fxg4 Ke8 71. a3 Kd7 72. Kd3
Kd6 73. Nf6 Nf4+ 74. Kxd4 Nxh3 75. a4 Nf2 76. Ne4+ Nxe4 77. Kxe4 Kc6 78. Ke3
Kd5 79. Kf3 Kc4 80. b5 axb5 81. a5 Kc5 82. Ke4 h3 83. Kf3 b4 0-1

[Event "European Youth Chess Championship B10"]
[Site "Prague, Top Hotel Prague"]
[Date "2016.08.19"]
[Round "2.43"]
[White "Krasevec, Jan"]
[Black "Hlavina, Matous"]
[Result "0-1"]
[WhiteElo "1336"]
[BlackElo "1586"]
[PlyCount "50"]
[EventDate "2016.08.18"]

1. c4 f5 2. Nc3 Nf6 3. g3 e5 4. Bg2 Be7 5. d3 O-O 6. e3 d6 7. Nge2 c6 8. O-O
Be6 9. Rb1 d5 10. cxd5 cxd5 11. d4 e4 12. Nf4 Bf7 13. Bh3 Qd7 14. Qa4 Nc6 15.
Qc2 g5 16. Nfe2 Bh5 17. Bg2 Qe8 18. f3 Rc8 19. fxe4 fxe4 20. Rf5 Qg6 21. Nxd5
Qxf5 22. Qxc6 Nxd5 23. Qh6 Bxe2 24. Bh3 Qf2+ 25. Kh1 Bf3+ 0-1

[Event "European Youth Chess Championship B10"]
[Site "Prague, Top Hotel Prague"]
[Date "2016.08.19"]
[Round "2.44"]
[White "Pavlov, Mark"]
[Black "Davidov, Lazar"]
[Result "1-0"]
[WhiteElo "1538"]
[BlackElo "1292"]
[PlyCount "61"]
[EventDate "2016.08.18"]

1. d4 e6 2. Nf3 d5 3. c4 Nf6 4. g3 Be7 5. Bg2 O-O 6. O-O Nbd7 7. Qc2 b6 8. Nbd2
Bb7 9. b3 c5 10. e3 Rc8 11. Qd1 Ba6 12. dxc5 Bxc5 13. Re1 dxc4 14. Nxc4 Bxc4
15. bxc4 Bb4 16. Bd2 Bxd2 17. Nxd2 Ne5 18. Qe2 Qd7 19. f4 Nc6 20. Red1 Qe7 21.
g4 h6 22. h4 Nd7 23. g5 hxg5 24. hxg5 e5 25. Be4 exf4 26. exf4 Qc5+ 27. Kg2
Rfe8 28. Qh5 g6 29. Qg4 Qe7 30. Rh1 f6 31. gxf6 1-0

[Event "European Youth Chess Championship B10"]
[Site "Prague, Top Hotel Prague"]
[Date "2016.08.19"]
[Round "2.45"]
[White "Brass, Ezra"]
[Black "Richter, Rudolf"]
[Result "1-0"]
[WhiteElo "1529"]
[BlackElo "1262"]
[PlyCount "42"]
[EventDate "2016.08.18"]

1. e4 Nf6 2. e5 Nd5 3. d4 d6 4. c4 Nb6 5. Nf3 Bg4 6. exd6 cxd6 7. h3 Bh5 8. Nc3
g5 9. Bxg5 Bg7 10. Be3 O-O 11. Qd2 Bg6 12. b4 h5 13. Bd3 Nc6 14. Bxg6 fxg6 15.
Qd3 Rf5 16. a3 Qd7 17. Ne2 Raf8 18. Ng3 R5f6 19. Ng5 Bh6 20. Nxh5 Bxg5 21. Bxg5
Re6+ {game score continued: 22.d5 Ne5 23.Qb1 Nexc4 24.dxe6 Qxe6 25. Nf6+ Rxf6
26.gxf6} 1-0

[Event "European Youth Chess Championship B10"]
[Site "Prague, Top Hotel Prague"]
[Date "2016.08.19"]
[Round "2.46"]
[White "Scurtu, Alexandr"]
[Black "Graf, Simon"]
[Result "1-0"]
[WhiteElo "1335"]
[BlackElo "1527"]
[PlyCount "75"]
[EventDate "2016.08.18"]

1. e4 e5 2. Nf3 Nc6 3. Nc3 Nf6 4. Bb5 Bb4 5. O-O O-O 6. d3 d6 7. Bxc6 bxc6 8.
Ne2 Bg4 9. Ng3 Re8 10. h3 Bd7 11. c3 Ba5 12. Re1 Rb8 13. b4 Bb6 14. a3 c5 15.
Be3 cxb4 16. axb4 d5 17. Bxb6 axb6 18. exd5 Nxd5 19. Nxe5 Nxc3 20. Qb3 Rxe5 21.
Rxe5 Nb5 22. Rae1 Be6 23. Qd1 Nd4 24. Ne2 Nc6 25. Rb5 Na7 26. Rh5 g6 27. Re5
Nc6 28. Re3 Nxb4 29. Nf4 Bd7 30. Qb3 Nc6 31. Qc3 Qg5 32. Ne2 Rd8 33. Ng3 Qd5
34. Ne4 Qd4 35. Qd2 Bf5 36. g4 Bxe4 37. Rxe4 Qxd3 38. Re8+ 1-0

[Event "European Youth Chess Championship B10"]
[Site "Prague, Top Hotel Prague"]
[Date "2016.08.19"]
[Round "2.47"]
[White "Cerny, Michal"]
[Black "Dias, Savin"]
[Result "0-1"]
[WhiteElo "1309"]
[BlackElo "1516"]
[PlyCount "58"]
[EventDate "2016.08.18"]

1. e4 c5 2. Nf3 d6 3. d4 cxd4 4. Nxd4 Nf6 5. Nc3 g6 6. Bc4 Bg7 7. Be3 O-O 8.
Qd2 Nc6 9. O-O-O Bd7 10. f3 Rc8 11. Bb3 Ne5 12. h4 h5 13. Bh6 Nc4 14. Bxc4 Rxc4
15. Bxg7 Kxg7 16. Qe3 Qa5 17. Nb3 Qa6 18. a3 Rfc8 19. Kb1 b5 20. e5 dxe5 21.
Qxe5 Be6 22. Rd7 b4 23. axb4 Rxb4 24. Nc5 Qb6 25. Nxe6+ fxe6 26. Na2 Rc5 27.
Qe2 Rxb2+ 28. Ka1 Rxa2+ 29. Kxa2 Ra5# 0-1